Spoločné a diferenciačné znaky obchodnoprávnych a pracovných zmlúv

Vznik súbehu pracovnoprávnych zmluvných typov s obchodnoprávnymi zmluvnými typmi v prípade členov štatutárnych orgánov a iných orgánov najmä obchodných spoločností. Subjekty zmlúv a vymedzenie účelu zmlúv. Druhové vymedzenie pracovného záväzku. Forma zmluvy. Doba trvania zmlúv. Práva a povinnosti vy...

Ausführliche Beschreibung

Gespeichert in:
Bibliographische Detailangaben
1. Verfasser: Barancová, Helena
Format: Buchkapitel
Sprache:Slowakisch
Schlagworte:
Tags: Tag hinzufügen
Keine Tags, Fügen Sie das erste Tag hinzu!

MARC

LEADER 00000naa a2200000 4500
001 r040981
005 20231002080844.3
041 0 |a slo 
044 |a SK 
245 1 0 |a Spoločné a diferenciačné znaky obchodnoprávnych a pracovných zmlúv  |c Helena Barancová 
520 |a Vznik súbehu pracovnoprávnych zmluvných typov s obchodnoprávnymi zmluvnými typmi v prípade členov štatutárnych orgánov a iných orgánov najmä obchodných spoločností. Subjekty zmlúv a vymedzenie účelu zmlúv. Druhové vymedzenie pracovného záväzku. Forma zmluvy. Doba trvania zmlúv. Práva a povinnosti vyplývajúce z obchodnoprávnych zmluvných typov. Zodpovednostný systém. Výpoveď pracovnej zmluvy. 
610 2 0 |a zmluvy pracovné 
610 2 0 |a zmluvy obchodné 
610 2 0 |a záväzky pracovné 
610 2 0 |a vzťahy zmluvné 
610 2 0 |a právo obchodné 
610 2 0 |a právo pracovné 
610 2 0 |a zákonník obchodný 
610 2 0 |a zákonník práce 
610 2 0 |a vzťahy pracovnoprávne 
100 1 |a Barancová, Helena